000 00214 a2200109 4500
003 Nust
005 20170207154225.0
040 _cNust
082 _a371.33
245 _aU-Turn (VHS-39)
440 _aU-Turn (VHS-39)
538 _aDuration Mins 98
999 _c195541
_d195541